00548 2200205 4500001002100000005001500021035002000036001002100056005001500077035002000092245006100112100001200173250001700185300003200202260004400234082001100278084001700289020002200306650001400328INLIS00000000000033520240603091131 a0010-0624000044INLIS00000000000026420240530011146 a0010-05240001861 aMencegah dan Menanggulangi Penyakit Ikan Hias /cMashudi0 aMashudi acetakan ke-1 aiv, 84 hlm :bilus ;c21 cm aJakarta :bCitra Cipta Purwosari,c2006 a639.34 a639.34 MAS m a978-979-121-601-0 4aIkan Hias